The tabernacle in the wilderness. (Record no. 2522)

000 -LEADER
fixed length control field 00647nam a2200205 a 4500
001 - CONTROL NUMBER
control field :::00000247$&:&@@
003 - CONTROL NUMBER IDENTIFIER
control field OkBaRHE
005 - DATE AND TIME OF LATEST TRANSACTION
control field 20100108131629.0
008 - FIXED-LENGTH DATA ELEMENTS--GENERAL INFORMATION
fixed length control field s1985 j 000 0 eng u
040 ## - CATALOGING SOURCE
Transcribing agency
100 1# - MAIN ENTRY--PERSONAL NAME
Personal name Ritchie, John, 1853-1930.
245 14 - TITLE STATEMENT
Title The tabernacle in the wilderness.
260 ## - PUBLICATION, DISTRIBUTION, ETC. (IMPRINT)
Place of publication, distribution, etc Grand Rapids, MI., :
Name of publisher, distributor, etc Kregel Publications
Date of publication, distribution, etc 1985
300 ## - PHYSICAL DESCRIPTION
Extent 120 p. : illus. ;
Dimensions 19 cm.
490 0# - SERIES STATEMENT
Series statement John Ritchie memorial library.
650 ## - SUBJECT ADDED ENTRY--TOPICAL TERM
Topical term or geographic name as entry element Tabernacle
General subdivision Typology.
650 ## - SUBJECT ADDED ENTRY--TOPICAL TERM
Topical term or geographic name as entry element Typology (Theology).
942 ## - ADDED ENTRY ELEMENTS (KOHA)
Source of classification or shelving scheme
Koha item type Books
Copies
Shelving location Price effective from Date last seen Full call number Date acquired Koha item type Withdrawn status Source of classification or shelving scheme Lost status Permanent Location Copy number Not for loan Damaged status Barcode
General Stacks2010-04-142010-04-14BM 654 .R62010-04-14Books   RHEMA Bible Training College1  247